| 000 | 00862nam a22002057a 4500 | ||
|---|---|---|---|
| 003 | 0 | ||
| 005 | 20250120085903.0 | ||
| 008 | 151016b xxu||||| |||| 00| 0 eng d | ||
| 050 |
_aPHS HQ 31 _b.C131 2015 |
||
| 100 | _aCaga, Diana Christine Rei G. | ||
| 245 |
_aReligiosity and the adolescent perception of premarital sex of the Southville International School and Colleges' grade 11 and 12 students / _cDiana Christine Rei G. Caga . |
||
| 260 |
_aLas PiƱas, Philippines : _bSouthville International School and Colleges, _c2015. |
||
| 300 |
_aiii, 46 p. ; _c28 cm. |
||
| 504 | _aIncludes bibliographical references. | ||
| 650 |
_aPremarital sex _vMoral and ethical aspects. |
||
| 650 |
_aSexual behavior in adolescence _vReligious aspects. |
||
| 650 |
_aReligiosity _vPsychological aspects. |
||
| 650 |
_aReligion and youth _vAttitudes. |
||
| 942 |
_2lcc _cPASS |
||
| 999 |
_c288875 _d288875 |
||